| 000 | 01197cam a22003251 4500 | ||
|---|---|---|---|
| 001 | 744 | ||
| 003 | BD-RjUL | ||
| 005 | 20211208233226.0 | ||
| 008 | 131123s19571928xx 000 0 eng d | ||
| 020 | _a0851420001 (v. 1) | ||
| 035 | _a(BD-RjUL)764 | ||
| 040 |
_aDLC _cOOxM _dBD-RjUL _beng |
||
| 041 | _aeng | ||
| 082 |
_a026.006242 _216 _bASL 1957 |
||
| 110 | 2 |
_aAslib. _94752 |
|
| 245 | 1 | 0 |
_aAslib directory: _ba guide to sources of information in Great Britain and Ireland / _cEdited by Miriam Alman. |
| 260 |
_aLondon, _c1957. |
||
| 300 |
_a2 v. ; _c26 cm. |
||
| 500 | _aEarlier ed. by the Association of Special Libraries and Information Bureaux. | ||
| 505 | 1 | _av. 1. Indexes and appendixes.--v. 2. Directory of libraries and information services. Regional index. | |
| 650 | 0 |
_aLibraries _zGreat Britain. _92210 |
|
| 650 | 0 |
_aLibraries _zIreland. _92211 |
|
| 650 | 0 |
_aInformation services _zGreat Britain. _92212 |
|
| 650 | 0 |
_aInformation services _zIreland. _92213 |
|
| 700 | 1 |
_aAlman, Miriam, _eed. _92214 |
|
| 710 | 2 |
_aAssociation of Special Libraries and Information Bureaux (Great Britain) _tAslib directory. _92215 |
|
| 942 |
_2ddc _cBK |
||
| 999 |
_c744 _d744 |
||